000 00702nam a2200265Ia 4500
005 20260302114138.0
008 008 260114s9999 xx 000 0 eng d
020 _a9781350177840
037 _aTextbook
040 _aCRL
040 _beng
040 _cCRL
041 _2eng
041 _aeng
084 _qCRL
100 _aAntonia Hofstätter and Daniel Steuer
_91117894
245 0 _aAdorno’s Rhinoceros Art, Nature, Critique
260 _bBloomsbury
260 _bBloomsbury Academic
260 _c2022
650 _aPhilosophy
856 _uhttps://doi.org/10.5040/9781350177840?locatt=label:secondary_bloomsburyCollections
942 _cEBOOK
999 _c1681506
_d1681506